000 00475nam a2200157 i 4500
001 133155
003 ES-MaACL
005 20230906194333.0
007 t|
008 070214s1910 sp r ||||1| spa d
100 1 _aRossi, Vicente.
_999888
245 1 0 _aTeatro nacional rioplatense
_b: contribución a su análisis y a su historia /
_cVicente Rossi.
260 _aRío de la Plata :
_bBeltrán y Rossi,
_c1910.
300 _a198 p. ;
_c27 cm.
852 _aES-MaACL
_jA-2037
999 _c133155
_d133155